| 000 | 00432nam a2200157Ia 4500 | ||
|---|---|---|---|
| 008 | 160316s1998 xxu||||| |||| 00| 0 eng d | ||
| 082 |
_a1.642400 _bJON |
||
| 100 | _aJones Linda | ||
| 245 | _aTeach yourself microsoft word 97 in 24 hours | ||
| 250 | _a | ||
| 260 |
_aNew Delhi _bTechmedia _c1998 |
||
| 300 |
_a466p _b _cxx |
||
| 365 | _bRs.135 | ||
| 650 | _a1. Computer Programmes - Microsoft Word 97 | ||
| 700 |
_aHernandez Ruel T _a |
||
| 999 |
_c13887 _d13887 |
||